Código procesal penal: aprobada por decreto N§ 775, de 10 de febrero de 2009, del Ministerio de Justicia

Guardat en:
Dades bibliogràfiques
Format: Llibre
Idioma:espanyol
Publicat: Santiago Jurídica de Chile 2009
Edició:6a. ed
Col·lecció:Códigos Especiales para Estudiantes
Matèries:
Etiquetes: Afegir etiqueta
Sense etiquetes, Sigues el primer a etiquetar aquest registre!

MARC

LEADER 00000nam a2200000 a 4500
001 UCH5176
003 CL-VaPUC
008 091008e20090000CL |||||||||||||||||spa|d
020 |a 9789561019010 
082 0 4 |a 345.8305  |b COD  |2 21 
245 1 0 |a Código procesal penal: aprobada por decreto N§ 775, de 10 de febrero de 2009, del Ministerio de Justicia 
250 |a 6a. ed 
300 |a 141 p 
942 |c BK 
945 |d 20091008 00:00:00  |a rbrito 
260 |a Santiago  |b Jurídica de Chile  |c 2009 
650 7 |a CODIGO DE PROCEDIMIENTO PENAL  |2 CL-VaPUC  |9 256474 
650 0 |a Derecho procesal penal  |9 255496 
650 0 |a Recursos procesales  |9 255595 
583 |a last modification  |c 20091008 00:00:00  |k Rodrigo Vera 
490 0 |a Códigos Especiales para Estudiantes 
999 |c 336359  |d 336357